Pifema - zimné záhrady, zasklievanie balkónov, hliníkové profily

Guardado en:
Detalles Bibliográficos
Autor principal: Mišún, Juraj, 1978-
Formato: Capítulo de libro
Lenguaje:eslovaco
Materias:
Etiquetas: Agregar Etiqueta
Sin Etiquetas, Sea el primero en etiquetar este registro!

MARC

LEADER 00000naa$a2200000$$$4500
001 0225899
005 20240502073716.0
041 0 |a slo 
044 |a SK 
245 1 0 |a Pifema - zimné záhrady, zasklievanie balkónov, hliníkové profily  |c Juraj Mišún 
610 2 0 |a štúdie prípadové 
610 2 0 |a start-up 
610 2 0 |a montáže 
610 2 0 |a výroba 
610 2 0 |a projektovanie 
610 2 0 |a dizajn 
100 1 |a Mišún, Juraj, 1978-